| 000 | 01741cad a22002175a 4500 | ||
|---|---|---|---|
| 001 | L147884 | ||
| 008 | 090625e20090615xxk f v 000 0 eng d | ||
| 035 | _a(Sirsi) u147884 | ||
| 041 | 0 | _aeng | |
| 245 | 0 | 4 |
_aStar Energy UK Onshore Ltd and another v Bocardo SA _h[electronic resource] |
| 260 | _c2009 | ||
| 520 | _a[2009] EWCA Civ 579 (15 June 2009). The case relates to a trespass committed by the construction of pipelines by oil companies and the determination of payable compensation. The appellant companies (S) appealed against a decision that they had committed a trespass by boring pipelines at depth beneath the land of Bocardo SA (B) and were liable to damages. S had a licence to extract oil under the Petroleum (Production) Act 1934. S had no agreement from B nor did they apply for any "ancillary rights" to drill through B's land. The trial judge held that the damages for trespass would be equal to 9% of the companies' revenues for the past six years and for the future. S appealed this decision "Held": S trespassed on B's land. If the parties had negotiated before the trespass, S would have been prepared to pay B £1,000 to save time and avoid the expense of legal proceedings. B is entitled to damages of £1 000 in respect of the past and continuing trespass. The appeal is allowed. | ||
| 590 | _aKA | ||
| 650 | 2 | 4 | _aSTAR ENERGY UK ONSHORE LTD AND ANOTHER V BOCARDO SA |
| 650 | 2 | 4 | _aBP PETROLEUM DEVELOPMENTS LTD V RYDER AND OTHERS |
| 650 | 2 | 4 | _aPETROLEUM PRODUCTION ACT 1934 |
| 651 | 4 |
_aEngland and Wales _y1543- |
|
| 690 | _aBUILT ENVIRONMENT-BUILDING PATHOLOGY-SUBSIDENCE | ||
| 856 | 4 | 0 |
_uhttps://www.bailii.org/ew/cases/EWCA/Civ/2009/579.html _zView the case free of charge at www.bailli.org... |
| 942 | _n0 | ||
| 999 |
_c81673 _d81673 |
||